Les dévotions princières à la fin du Moyen Âge : les testaments des ducs de Bourgogne et de leur famille (1386-1477).

Bibliographische Detailangaben
Veröffentlicht in:Revue du Nord. - Villeneuve-d'Ascq : Univ. de Lille III, 1910. - 86(2004), 354, Seite 7-24
1. Verfasser: Gaude-Ferragu, Murielle (VerfasserIn)
Format: Aufsatz
Veröffentlicht: 2004
Zugriff auf das übergeordnete Werk:Revue du Nord
Umfang:18
LEADER 01000caa a22002652c 4500
001 OLC1667856413
003 DE-627
005 20220216150027.0
007 tu
008 040811s2004 xx ||||| 00| ||und c
028 5 2 |a sw040811 
035 |a (DE-627)OLC1667856413 
035 |a (DE-599)GBVOLC1667856413 
040 |a DE-627  |b ger  |c DE-627  |e rakwb 
082 0 4 |a 910  |a 940 
084 |a BENELUX  |2 fid 
100 1 |a Gaude-Ferragu, Murielle  |e verfasserin  |4 aut 
245 1 4 |a Les dévotions princières à la fin du Moyen Âge  |b les testaments des ducs de Bourgogne et de leur famille (1386-1477). 
264 1 |c 2004 
300 |a 18 
336 |a Text  |b txt  |2 rdacontent 
337 |a ohne Hilfsmittel zu benutzen  |b n  |2 rdamedia 
338 |a Band  |b nc  |2 rdacarrier 
773 0 8 |i Enthalten in  |t Revue du Nord  |d Villeneuve-d'Ascq : Univ. de Lille III, 1910  |g 86(2004), 354, Seite 7-24  |w (DE-627)129486760  |w (DE-600)205325-1  |w (DE-576)014878135  |x 0035-2624  |7 nnas 
773 1 8 |g volume:86  |g year:2004  |g number:354  |g pages:7-24  |g extent:18 
912 |a GBV_USEFLAG_A 
912 |a SYSFLAG_A 
912 |a GBV_OLC 
912 |a FID-BENELUX 
912 |a SSG-OLC-FRK 
912 |a SSG-OLC-HIS 
912 |a SSG-OLC-ROK 
912 |a SSG-OLC-NED 
912 |a SSG-OPC-ANG 
912 |a GBV_ILN_11 
912 |a GBV_ILN_21 
912 |a GBV_ILN_22 
912 |a GBV_ILN_24 
912 |a GBV_ILN_40 
912 |a GBV_ILN_65 
912 |a GBV_ILN_72 
912 |a GBV_ILN_120 
912 |a GBV_ILN_350 
912 |a GBV_ILN_721 
912 |a GBV_ILN_2003 
912 |a GBV_ILN_2004 
912 |a GBV_ILN_2005 
912 |a GBV_ILN_2008 
912 |a GBV_ILN_2010 
912 |a GBV_ILN_2011 
912 |a GBV_ILN_4012 
912 |a GBV_ILN_4027 
912 |a GBV_ILN_4029 
912 |a GBV_ILN_4038 
912 |a GBV_ILN_4238 
912 |a GBV_ILN_4309 
912 |a GBV_ILN_4310 
912 |a GBV_ILN_4311 
912 |a GBV_ILN_4319 
912 |a GBV_ILN_4392 
951 |a AR 
952 |d 86  |j 2004  |e 354  |h 7-24  |g 18